00525nam a22001577a 4500020001800000040000900018082001500027100003300042245002200075250003900097260006700136650002900203942001200232999001900244952010400263 a9781563475375 cNUST a629.1bORB aChobotov, Vladimir A.959439 aOrbital Mechanics a3rd EditionbAIAA Education series aUSA:bAmerican Institute of Aeronautics & Astronautics,c2002. aOrbital Mechanics919174 2ddccBK c610962d610962 00102ddc4070aCEMEbCEMEcGENd2024-08-16l0o629.1 ORBpCEME- 39329r2024-08-16w2024-08-16yBK